| 000 | 00528nam a2200181Ia 4500 | ||
|---|---|---|---|
| 005 | 20250923145425.0 | ||
| 008 | 008 250917s9999 xx 000 0 eng d | ||
| 037 | _aTextual | ||
| 040 |
_aDSWL _beng _cDSWL |
||
| 041 |
_aeng _2eng |
||
| 084 |
_aU.25213, N55 _qDSWL |
||
| 100 |
_aSingh, R.L. _9835166 |
||
| 245 | 0 |
_aBanaras : A study in Urban geography _c by R.L. Singh |
|
| 260 |
_aBanaras _bNand Kishore & Bros. _c1955 |
||
| 300 | _a184 p. | ||
| 942 |
_cTEXL _hU.25213, N55 |
||
| 999 |
_c1451188 _d1451188 |
||